|
|
|
|
| LEADER |
00943nam a22002057a 4500 |
| 008 |
171004b xxu||||| |||| 00| 0 eng d |
| 999 |
|
|
|c 20231
|d 20231
|
| 020 |
|
|
|a 9789385064425
|
| 082 |
|
|
|a 894.14
|b JYO
|
| 100 |
|
|
|a ജ്യോതിലാല്, കെ. വി.
|
| 240 |
|
|
|a Kalathinte adayalangal
|
| 245 |
|
|
|a കാലത്തിന്റെ അടയാളങ്ങള് /
|c കെ. വി. ജ്യോതിലാല്
|
| 250 |
|
|
|a 1st ed.
|
| 260 |
|
|
|a പാലക്കാട് :
|b ലോഗോസ് ബുക്സ്,
|c 2016.
|
| 300 |
|
|
|a 96p.
|
| 650 |
|
|
|a Essays
|
| 700 |
|
|
|a Jyothilal, K. V.
|
| 942 |
|
|
|2 ddc
|c BK
|
| 952 |
|
|
|0 0
|1 0
|2 ddc
|4 0
|6 894_140000000000000_JYO
|7 0
|9 28060
|a MAIN
|b MAIN
|d 2017-10-04
|e Logos Books
|g 90.00
|o 894.14 JYO
|p 26620
|r 2017-10-04
|t 1
|w 2017-10-04
|y BK
|
| 952 |
|
|
|0 0
|1 0
|2 ddc
|4 0
|6 894_140000000000000_JYO
|7 0
|9 28267
|a MAIN
|b MAIN
|d 2017-10-26
|e Logos Books
|g 90.00
|o 894.14 JYO
|p 26621
|r 2017-10-26
|t 2
|w 2017-10-26
|y BK
|